000 00753nam a2200229Ii 4500
003 JO-AjNU
008 230605s9999||||xx |||||||||||||| ||und||
017 _a1991/8/371
020 _a977-5769-50-7
040 _aJO-AjNU
_bara
_erda
_cJO-AjNU
041 _aara
050 1 4 _aJS145.M3622.1991
100 3 _aالمعاني، أيمن عودة / أبو فارس ، محمود عودة,
_eauthor
_945863
245 0 0 _aالإدارة المحلية بين النظرية والتطبيق
250 _aط1
264 3 1 _aعمان : دار صفاء للطباعة ، 1993
300 _a118ص
336 _atext
_btxt
_2rdacontent
337 _aunmediated
_bn
_2rdamedia
338 _avolume
_bnc
_2rdacarrier
650 4 _aحكومة محلية
_945864
999 _aA19911
_c23479
_d23479